Quizzes
Events
Quiz Creation
Community
Videos
Private Events
Remove Ads
Sign In
Join for FREE
Feedback
Dark Mode
Quiz Categories
Sports
Geography
Music
Movies
Television
Just For Fun
Miscellaneous
History
Literature
Language
Science
Gaming
Entertainment
Religion
Holiday
For Kids
Quiz Lab
Recent
Popular Today
Quiz Kudos Today
Editor Picks
Curator Picks
Quizzes by...
Day
Popularity
Type
Ratings
Length
Year
Community
Subscriptions
Recent Discussions
Orange Saloon
Badges
Playlists
Quests
Create
Leaderboards
Showdown
Live 5
Trivia Bingo
Activity
Puzzle Library
Sporcle Events
Private Events
Virtual Trivia
Globe League
Become a Host
Pub Owners
SporcleCon
Opinionation
Our Games
Videos
Blog
Mobile Apps
Partnerships
Remove Ads and Go Orange
Feedback
Sports
Athletes
MLB
NBA
NHL
NFL
Soccer
Sports Teams
WWE
NCAA
Football
Premier League
Basketball
Baseball
Hockey
Golf
Tennis
Cricket
Rugby
Auto Racing
Olympics
World Cup
Sports
Athletes
MLB
NBA
NHL
NFL
Soccer
Sports Teams
WWE
NCAA
Football
Premier League
Basketball
Baseball
Hockey
Golf
Tennis
Cricket
Rugby
Auto Racing
Olympics
World Cup
Random Quiz
Search Sporcle
×
Quiz Lab
Quiz Lab
Sports
NHL
Type in answers that appear in a list
Type in answers that appear in a list
Classic
Best Score? Go Orange.
2017-18 NHL Captains and Alternates Stats
Can you name the 2017-18 NHL Captains and Alternates?
By
stiggles37
10m
112 Questions
878 Plays
878 Plays
878 Plays
Comments
Comments
Give Quiz Kudos
Give Quiz Kudos
-
- Ratings
hide this ad
More Info
Replay
Link that replays current quiz
Next Quiz
Link to next quiz in quiz playlist
You Got
0%
They Got
Avg Score
41%
Avg Friend Score
Upgrade to see
Score Distribution
Jump to the score distribution portion of the page
Score
0/112
Timer
10:00
0
Plays Today
Team
Player
% Correct
Anaheim
Ryan Getzlaf
84.2%
Anaheim
Corey Perry
80.5%
Arizona
Oliver Ekman-Larsson
73.8%
Anaheim
Ryan Kesler
71.7%
Boston
Zdeno Chara
69.4%
Boston
Patrice Bergeron
65.7%
Carolina
Jordan Staal
62.4%
New York Rangers
Marc Staal
62.1%
Buffalo
Jack Eichel
61.2%
Chicago
Jonathan Toews
60.7%
Dallas
Jamie Benn
57.9%
Calgary
Mark Giordano
57.5%
Chicago
Duncan Keith
57.5%
Edmonton
Connor McDavid
56.8%
Dallas
Tyler Seguin
55.9%
Colorado
Gabriel Landeskog
55.1%
Vancouver
Henrik Sedin
55.1%
Vancouver
Daniel Sedin
55.1%
Detroit
Henrik Zetterberg
53.9%
Colorado
Nathan MacKinnon
53.8%
Chicago
Brent Seabrook
52.8%
Boston
David Krejci
52.6%
Los Angeles
Anze Kopitar
52.5%
Columbus
Nick Foligno
52.3%
Ottawa
Erik Karlsson
52.1%
New York Islanders
John Tavares
51.5%
Pittsburgh
Sidney Crosby
51.4%
Nashville
Roman Josi
50.7%
Arizona
Derek Stepan
50.5%
Pittsburgh
Evgeni Malkin
50.3%
Philadelphia
Claude Giroux
50.1%
Tampa Bay
Steven Stamkos
50.1%
Minnesota
Mikko Koivu
49.7%
Colorado
Erik Johnson
49.6%
Los Angeles
Drew Doughty
49.6%
Calgary
Sean Monahan
49.5%
Columbus
Jack Johnson
49.4%
San Jose
Joe Pavelski
48.9%
Team
Player
% Correct
Washington
Alexander Ovechkin
48.9%
Montreal
Max Pacioretty
48.7%
Carolina
Justin Faulk
48.3%
Buffalo
Ryan O'Reilly
48.1%
Montreal
Shea Weber
47.7%
Florida
Aleksander Barkov
47.2%
Minnesota
Zach Parise
46.5%
Pittsburgh
Kris Letang
45.8%
Dallas
John Klingberg
45.7%
San Jose
Joe Thornton
45.7%
Arizona
Alex Goligoski
45.4%
New Jersey
Andy Greene
45.3%
Arizona
Niklas Hjalmarsson
45.2%
Minnesota
Ryan Suter
44.5%
St. Louis
Alex Pietrangelo
44.5%
St. Louis
Vladimir Tarasenko
43.8%
Buffalo
Kyle Okposo
43.3%
Winnipeg
Blake Wheeler
43.2%
Nashville
Filip Forsberg
42.9%
Washington
Nicklas Backstrom
42.9%
Los Angeles
Jeff Carter
42.3%
Carolina
Jeff Skinner
41.7%
Edmonton
Ryan Nugent-Hopkins
41.7%
Florida
Aaron Ekblad
41.4%
Philadelphia
Wayne Simmonds
40.7%
Detroit
Niklas Kronwall
39.9%
Edmonton
Milan Lucic
38.8%
Florida
Derek MacKenzie
38.4%
San Jose
Logan Couture
38.3%
Vegas
James Neal
38.2%
New Jersey
Taylor Hall
37.9%
Nashville
Ryan Johansen
37.5%
Dallas
Jason Spezza
36.6%
Montreal
Brendan Gallagher
36.6%
Dallas
Alexander Radulov
36.5%
Ottawa
Mark Stone
35.3%
Nashville
Ryan Ellis
35.1%
Arizona
Brad Richardson
34.3%
Team
Player
% Correct
Winnipeg
Dustin Byfuglien
33.3%
Toronto
Morgan Rielly
32.8%
New York Rangers
Mats Zuccarello
32.5%
Buffalo
Zach Bogosian
31.6%
Vegas
Reilly Smith
30.9%
Edmonton
Adam Larsson
30.7%
Ottawa
Zack Smith
30.6%
St. Louis
Alexander Steen
30.6%
Toronto
Tyler Bozak
30.2%
Winnipeg
Mark Scheifele
29.3%
Florida
Keith Yandle
29.2%
Columbus
Boone Jenner
29%
Detroit
Justin Abdelkader
28.8%
New Jersey
Travis Zajac
28.7%
Nashville
Mattias Ekholm
28.5%
Washington
Brooks Orpik
27.3%
Florida
Vincent Trocheck
26.5%
Tampa Bay
Ondrej Palat
26.3%
New York Islanders
Andrew Ladd
25.7%
Vancouver
Alexander Edler
25.2%
Tampa Bay
Ryan Callahan
24.4%
Vegas
Deryk Engelland
24.1%
Toronto
Leo Komarov
23.1%
Calgary
Troy Brouwer
22.9%
Vegas
David Perron
22.7%
Vancouver
Christopher Tanev
22%
St. Louis
Jaden Schwartz
21.6%
New Jersey
Kyle Palmieri
21.3%
New York Islanders
Cal Clutterbuck
21.2%
St. Louis
Paul Stastny
20.4%
Philadelphia
Andrew MacDonald
18%
Vancouver
Brandon Sutter
17.8%
Philadelphia
Valtteri Filppula
14.9%
Vegas
Luca Sbisa
12.9%
New Jersey
Marcus Johansson
11.5%
Vancouver
Michael Del Zotto
10.4%
Quiz Playlist
Details
Report
Send in Message
Add To Playlist
More Info:
Arizona, Buffalo, Toronto, and Vegas do not have captains. Carolina has two. Rotational alternate captains are not listed.
Classic:
Type in answers that appear in a list
Quiz Source
Last Updated: Dec 11, 2017
Quiz Scoreboard
CHALLENGE
Sign Up to Join the Scoreboard
Show All
Scores
Hide
Comments
May contain spoilers
Recently Published
An Introduction to Baseball
by treessimontrees
Sports
5m
Movies - When Are They Set?
by FPL_Elf
Movies
5m
Popular People in 1961
by mucciniale
History
6m
More to Explore
Quiz From the Vault
Featured Blog Post
Where Did the Easter Bunny Come From?
hide this ad
You Might Also Like...
Tags
Letter Quiz
NHL Quiz
Alternate
captain
Player
team
Today's Top Quizzes in Sports
Browse Sports
hide this ad
Today's Top Quizzes in NHL
Browse NHL
Top Contributed Quizzes in Sports
1
Les meilleurs buteurs des matchs entre le PSG et l’OM
2
2022 World Cup Stars
3
FIFA Club World Cup Champions
4
Les entraîneurs de l'OM et du PSG au 21e siècle
5
Name the Premier League winners with different clubs
6
La finale Lions - Afrique du Sud 2021
7
Les joueurs passés par le LOSC et le RC Lens
8
Criteria MLB: Left Handed Sluggers
9
Players with Multiple 50 Home Run Seasons
10
5-to-1: UK Sports Teams
Explore More
Trending Topics
Disney
NBA
Anime
Harry Potter
Crossword
Kpop
Marvel
Pokémon
WWE
Soccer
Puzzle
Song
NFL
The Office
Country
hide this ad
More By:
stiggles37
Quiz
Plays
Rating
Category
Featured
Created
NFL Starting QBs (2010s)
57,447
4.73
Sports
Dec 1, 2013
FIFA 19 Top 50 Players in Premier League
14,480
4.14
Sports
Sep 24, 2018
FIFA 18 Top 50 Players in Premier League
9,095
4.50
Sports
Mar 5, 2018
NHL Statistical All-Star Team (since 2000)
5,559
4.56
Sports
Jun 24, 2013
FIFA 19 Top 100 Overall Players
4,915
4.20
Sports
Sep 24, 2018
Go to Creator's Profile
Score Distribution
Quiz Creator Spotlight
stiggles37
Follow
Send a Message
Quizzes Created
-
Created Quiz Play Count
-
More By This Creator
Popular Quizzes Today
1
Find the Countries of Europe - No Outlines Minefield
2
Find the US States - No Outlines Minefield
3
The Countries of the World
4
Popular People in 1961
5
US States
6
Find the US States
7
1-10 Letter E Words III
8
Risky Map Clicking: Biggest States A-Z
More Sports Quizzes
3 HR World Series Games
Editor's Pick
Trending Quizzes
Risky Map Clicking: Least Populous States A-Z
1-10 Letter F Words
1-10 Letter G Words
One Thing in Common: United Kingdom
Not Quite an Element Typing Challenge
Recently Updated
Leaping Animals
pecheneg
Reality TV Shows (A-Z)
bhenderson79
Rickey Henderson's Hall of Fame Teammates
pecheneg
Champions League XIs: Arsenal
pecheneg
Quick Pick: Celebrities in WWE's Hall of Fame
aduchscher
A-Z Keypad Blitz II
pecheneg
Multiple Oscar Actors
pecheneg
Mystery Phrase Blitz: Oscar 'Best Actors'
pecheneg
F. Scott Fitzgerald Novels
LTH
Pick 3 Villains
ddd62291
Trending Topics
Kpop
Disney
Marvel
Anime
Crossword
Harry Potter
NBA
Country
Song
WWE
The Office
NFL
Soccer
Puzzle
Pokémon
Your Account Isn't Verified!
In order to create a playlist on Sporcle, you need to verify the email address you used during registration. Go to your
Sporcle Settings
to finish the process.
Report this User
Report this user for behavior that violates our
Community Guidelines
.
Details:
Send Report
Go to the Sporcle.com Mobile Site →
Comments